Statistics for Angel TV series : main characters

Click here to take the quiz!

General Stats

  • This quiz has been taken 4 times
  • The average score is 10 of 13

Answer Stats

Description :Characters :% Correct
Vampire with a soulAngel (Liam)
100%
child of 2 vampireConnor
100%
Woman with visionsCordelia Chase
100%
pregnant resurrected vampireDarla
100%
Half DemonFrancis Allen Doyle
100%
Vampire joining in season 5Spike (William Pratt)
100%
Ex WatcherWesley Wyndam-Pryce
100%
Slave rescued from PyleaWinifred Burkle
100%
Vampire HunterCharles Gunn
67%
Demon: karaoke ownerLorne (Krevlornswath)
67%
Police DetectiveKate Lockley
33%
Evil LawyerLilah Morgan
33%
Lawyer with one handLindsey McDonald
33%

Score Distribution

Percentile by Number Answered

Percent of People with Each Score

Your Score History

You have not taken this quiz